Vista normal
Vista MARC
Entrada Personal Name
Número de registros utilizados en: 2
001 - CONTROL NUMBER
- control field: 4399
003 - CONTROL NUMBER IDENTIFIER
- control field: DLC
005 - DATE AND TIME OF LATEST TRANSACTION
- control field: 20221027163440.0
008 - FIXED-LENGTH DATA ELEMENTS
- fixed length control field: 030529n| azannaabn |a aaa
010 ## - LIBRARY OF CONGRESS CONTROL NUMBER
- LC control number: n 2003128543
035 ## - SYSTEM CONTROL NUMBER
- System control number: (OCoLC)oca06063019
040 ## - CATALOGING SOURCE
- Original cataloging agency: DNLM
- Language of cataloging: spa
- Description conventions: rda
- Transcribing agency: Mx-PuUPA
- Modifying agency: DLC
- Modifying agency: DNLM
- Modifying agency: CSt
- Modifying agency: DNLM
- Modifying agency: Mx-PuUPA
046 ## - SPECIAL CODED DATES
- Birth date: 1963
- Source of date scheme: edtf
100 1# - HEADING--PERSONAL NAME
- Personal name: Savulescu, Julian,
- Dates associated with a name: 1963-
374 ## - OCCUPATION
- Occupation: Autor
375 ## - GENDER
- Gender: hombre
377 ## - ASSOCIATED LANGUAGE
- Language code: eng
400 1# - SEE FROM TRACING--PERSONAL NAME
- Personal name: Savulescu, J.,
- Fuller form of name: (Julian)
- Dates associated with a name: 1963-
670 ## - SOURCE DATA FOUND
- Source citation: Hope, R. A. Medical ethics and law, 2003:
- Information found: t.p. (Julian Savulescu, MB, BS, BMedSci, MA, PhD; Uehiro Prof. of Applied Ethics, Univ. of Oxford; dir., Oxford Centre for Applied Ethics; dir. Melbourne-Oxford Stem Cell Collaboration, Oxford, UK)
670 ## - SOURCE DATA FOUND
- Source citation: Human enhancement, 2008:
- Information found: ECIP t.p. (Julian Savulescu)
670 ## - SOURCE DATA FOUND
- Source citation: Love drugs, 2020:
- Information found: ECIP title page (Julian Savulescu) ECIP data view (born 1963)
670 ## - SOURCE DATA FOUND
- Source citation: Moral responsibility and the justification of policies to preserve antimicrobial effectiveness in Ethics and drug resistance, 2021:
- Information found: page 141 (J. Savulescu, Oxford Uehiro Centre for Practical Ethics, University of Oxford, Oxford, UK; Visiting Professorial Fellow in Biomedical Ethics, Murdoch Children's Research Institute, Melbourne, Australia; Distinguished Visiting Professor on Law, Melbourne Law School, University of Melbourne, Melbourne, Australia)